खेल कूद के नियम/ (Record no. 205971)

MARC details
000 -LEADER
fixed length control field 00757nam a22001817a 4500
005 - DATE AND TIME OF LATEST TRANSACTION
control field 20240927124711.0
010 ## - LCCN (DPL NO)
LC control number HIN-128504
020 ## - INTERNATIONAL STANDARD BOOK NUMBER
International Standard Book Number 9788179882368
Terms of availability 100.00
035 ## - SYSTEM CONTROL NUMBER
System control number HN-100850
037 ## - SOURCE OF ACQUISITION
Source of stock number/acquisition DBAD
082 ## - DEWEY DECIMAL CLASSIFICATION NUMBER
Classification number 796
100 ## - MAIN ENTRY--PERSONAL NAME
Personal name पांडेय, एल एम
245 ## - TITLE STATEMENT
Title खेल कूद के नियम/
Statement of responsibility, etc एल एम पांडेय
260 ## - PUBLICATION, DISTRIBUTION, ETC. (IMPRINT)
Place of publication, distribution, etc हल्द्वानी
Name of publisher, distributor, etc अंकित प्रकाशन
Date of publication, distribution, etc 2022
270 ## - ADDRESS
Address चन्द्रावती कालोनी पीलीकोठी
City हल्द्वानी
Postal code 263139
Telephone number 8191032884
Electronic mail address ankitprakashan@gmail.com
300 ## - PHYSICAL DESCRIPTION
Extent 142 पृ.
Dimensions 22 सेमी (अजिल्द)
942 ## - ADDED ENTRY ELEMENTS (KOHA)
Source of classification or shelving scheme Dewey Decimal Classification
Item type Hindi Books
Classification part 796
Call number suffix पांडेय
Holdings
Withdrawn status Lost status Not for loan Collection code Home library Current library Date acquired Source of acquisition Cost, normal purchase price Full call number Barcode Copy number Cost, replacement price Koha item type
      Non-fiction Shahdara Branch Shahdara Branch 27/09/2024 DBAD 100.00 796 पांडेय HN-100850 1 100.00 Hindi Books

© Delhi Public Library
Hit Counter
free hit counter